|
|
|
|
| LEADER |
00856nab a2200229 i 4500 |
| 001 |
misc63659 |
| 005 |
20221024082123.0 |
| 008 |
220617s1951 hu o 0|| tur d |
| 040 |
|
|
|a SZTE Miscellanea Repozitórium
|b hun
|
| 041 |
|
|
|a tur
|
| 100 |
1 |
|
|a Mansuroğlu Mecdut
|
| 245 |
1 |
0 |
|a Anadoluda Türk yazı dilinin başlaması ve gelişmesi
|h [elektronikus dokumentum] /
|c Mansuroğlu Mecdut
|
| 260 |
|
|
|a Yalçın
|b İstanbul
|c 1951
|
| 300 |
|
|
|a 215-229
|c 24 cm
|
| 300 |
|
|
|a [15] p.
|c 24 cm
|
| 490 |
0 |
|
|a İstanbul Üniversitesi Edebiyat Fakültesi : Türk Dili ve Edebiyatı Dergisi
|
| 561 |
|
|
|a Németh Gyula hagyaték
|
| 591 |
|
|
|a NOA 3439
|
| 650 |
|
4 |
|a Bölcsészettudományok
|
| 650 |
|
4 |
|a Nyelvek és irodalom
|
| 695 |
|
|
|a Török nyelvtörténet - 13-16. sz.
|
| 856 |
4 |
0 |
|u http://misc.bibl.u-szeged.hu/63659/1/3439_noa_m26.pdf
|z Dokumentum-elérés
|